Flags of Dutch Caribbean Territories - Statistics

General Stats
  • This quiz has been taken 65 times
  • The average score is 5 of 6
Answer Stats
Picture Answer % Correct
Curaçao
100%
Aruba
92%
Bonaire
82%
Sint Maarten
76%
Sint Eustatius
68%
Saba
63%
No matching quizzes found
Score Distribution
Percent of People with Each Score
Percentile by Number Answered
Your Score History
You have not taken this quiz